| 000 -Etiqueta do registo | |
|---|---|
| campo de controlo de comprimento fixo | 00542nam 22001933 4500 |
| 001 - Identificador do registo | |
| Campo de controlo | 75896 |
| 005 - Identificador da versão | |
| Campo de controlo | 20260316122124.0 |
| 010 ## - ISBN | |
| Número (ISBN) | 978-3-12-674942-8 |
| 100 ## - Dados Gerais de Proc. | |
| Dados gerais de processamento | 20260316d2025 m||y0pory50 ba |
| 101 0# - Língua da publicação | |
| Língua do texto, banda sonora, etc. | Alemão |
| 102 ## - País de Publicação | |
| País de publicação | Alemanha |
| 200 1# - Título | |
| Título próprio | Das fussballturnier |
| Informação de outro título | leicht & klasse A1: Lektüren für jugendliche |
| Primeira menção de responsabilidade | Angelika Allmann |
| 210 ## - Publicação, Distribuição | |
| Lugar da edição, distribuição, etc. | Stuttgart |
| Nome do editor, distribuidor, etc. | Ernst Klett Sprachen |
| Data da publicação, distribuição, etc. | 2025 |
| 215 ## - Descrição física | |
| Descrição física | 56 p. |
| Outras indicações físicas | il., color |
| 606 ## - Nome comum | |
| Koha Internal code | 2081 |
| Elemento de entrada | Literatura estrangeira |
| 606 ## - Nome comum | |
| Koha Internal code | 1937 |
| Elemento de entrada | Língua alemã |
| 675 ## - CDU | |
| Notação | 85 |
| Língua da edição | Alemão |
| 090 ## - Números de controlo do sistema (Koha) | |
| Número biblioitem do Koha (gerado automaticamente) | 75896 |
| 942 ## - Elementos de entrada adicionados (Koha) | |
| Tipo de item no Koha | Monografias |
| Suprimido | Disponível no OPAC |
| Removido (estado) | Perdido (estado) | Data de aquisição | Origem do registo (biblioteca) (codificado) | Código da organização que empresta ou é detentora (biblioteca) | Código de barras | Número de inventário | Cota | Tipo de circulação (não pode ser emprestado) | Tipo de item e material | Data da publicação, distribuição, etc. |
|---|---|---|---|---|---|---|---|---|---|---|
| Disponível | Disponível | 2026-03-11 | Biblioteca da Escola Secundária Dr. Jorge Augusto Correia | Biblioteca da Escola Secundária Dr. Jorge Augusto Correia | BESJAC12536 | 12536 | 85A ALL | Normal | Monografias | 2025 |